Paroles - La vériter - ZZCCMXTP - Baghera Jones & Antoine Daniel - Statistiques

Statistiques générales
  • Ce quiz a été pris 129 fois
  • Le résultat moyen est 244 sur 298
Statistiques - réponses
Paroles % Correct
d'argent
100%
d'argent,
100%
d'argent)
100%
J'ai
100%
j'ai
100%
je
100%
(je
100%
Je
100%
de
99%
De
99%
que
99%
riche
99%
riche,
99%
riche (paw paw paw)
99%
tellement
99%
Tellement
99%
a
98%
beaucoup
95%
ce
95%
c'est
95%
- C'est
95%
le
95%
me
95%
En
94%
en
94%
"En
94%
Il
94%
l'cul
94%
ma
94%
ça
93%
Ca
93%
ça)
93%
dans
93%
(dans
93%
la
93%
(la
93%
chié
90%
es
90%
Mon
90%
mon
90%
réussite)
90%
réussite (skr)
90%
compte
89%
d'la
89%
Ils
89%
ils
89%
j'suis
89%
mes
89%
disent
88%
Et
88%
et
88%
(et
88%
paye
88%
(paye
88%
paye)
88%
super
88%
argent
86%
banque
86%
d'impôts
86%
d'sous-
86%
plein
86%
(plein
86%
sous
86%
sous,
86%
sous)
86%
suspect
86%
y
86%
analyse
85%
dessus
85%
dessus)
85%
du
85%
FISC
85%
Même
85%
pissé
85%
succès
85%
tout
85%
comptes
84%
est
84%
jet
84%
privé
83%
Privé,
83%
privé !
83%
-Privé
83%
suis
83%
très
83%
(ah
81%
aussi
81%
dit
81%
- Parle
81%
aux
80%
cher
80%
effet"
80%
infos
80%
J'achète
80%
j'achète
80%
jardin
80%
vraiment
80%
alors
79%
matelas
79%
moi
79%
On
79%
on
79%
un
79%
- Un
79%
c'que
78%
déborde
78%
parlent
78%
dessous
76%
d'mon
76%
j'veux
76%
Mais
76%
Caca
75%
Caca,
75%
j'réponds :
75%
p'tit
75%
semblerait
75%
sois
75%
Zizi
75%
Mixtape
74%
Mixtape)
74%
pour
74%
trajet
74%
Les
73%
les
73%
d'l'argent
71%
l'argent
71%
pas
71%
plus
71%
(plus
71%
jus
70%
quand
70%
Tu
70%
tu
70%
- Ah
69%
deux
68%
fait,
68%
moment
68%
cash
66%
j'enterre
66%
ouais?)
66%
ouais,
66%
place
66%
(Antoine,
65%
Daniel)
65%
deuxième
65%
écoutes
65%
faire
65%
j'aime
65%
trop
65%
(blindé
64%
blindé
64%
dedans
64%
fois
64%
m'fera
64%
voisins
64%
gros
63%
jardine
63%
mis
63%
train
63%
croient
61%
Faut
61%
- Hein ?
61%
hein,
61%
l'activicté,
61%
l'activité
61%
serais
61%
Apparemment
60%
oui !
59%
sur
59%
vêtement
59%
m'presser
58%
fruits
56%
propre,
56%
rachète)
56%
Avec
55%
rempli
55%
ailleurs,
54%
ailleurs)
54%
(jamais
54%
jardins
54%
j'utilise
54%
grave,
53%
J'vais
51%
machine)
49%
précis,
45%
(confortable)
41%
(bravo)
25%
- Voilà
25%
r'prend
23%
- C'était
13%
Aucun quiz correspondant
Distribution des résultats
% des personnes avec chaque résultat
Percentile par nombre de réponses
Votre historique - résultats
Vous n’avez pas pris ce quiz